| 000 | 00836nam a22002777a 4500 | ||
|---|---|---|---|
| 003 | CHAP | ||
| 005 | 20220329134749.0 | ||
| 008 | 971013s r 00010 d | ||
| 010 | _a25495 | ||
| 011 | _a26467 | ||
| 035 | _a30568 | ||
| 040 | _cCHAP | ||
| 090 | _aR-401 | ||
| 100 | 0 | 0 |
_aEig, A. _935803 |
| 245 | _aOn the phytogeographical subdivision of Palestine | ||
| 500 | _aSobretiro de : Palestine Journal of Botany 1:4-12, 1938 | ||
| 590 |
_aBATCH-UPD _b10 _c20130110 _lUCH01 _h0135 |
||
| 590 |
_aBATCH-UPD _b10 _c20130110 _lUCH01 _h2245 |
||
| 590 |
_aBATCH-UPD _b10 _c20130409 _lUCH01 _h2131 |
||
| 590 |
_aBATCH-UPD _b10 _c20130914 _lUCH01 _h0729 |
||
| 590 |
_aCONVERSION _b10 _c20130109 _lUCH01 _h1315 |
||
| 650 | 1 | 4 |
_aBotánica _xPalestina. _914601 |
| 901 | _aBK | ||
| 942 | _cREIMP | ||
| 949 |
_aR-401 _bBC _cR _d-70872 _eTS1 _i30568 _si |
||
| 999 |
_c25495 _d25495 |
||